Fire emblem games by Ratings - Statistics

General Stats
  • This quiz has been taken 60 times
  • The average score is 4 of 12
Answer Stats
Rating Game % Correct
92 Awakening
91%
88 Fire Emblem
36%
78 Radiant Dawn
32%
85 Sacred Stones
32%
85 Path of Radiance
30%
74 Warriors
28%
86 Birthright
26%
87 Conquest
26%
81 Shadow Dragon
26%
81 Echoes
19%
88 Revelations
19%
72 Heroes
13%
No matching quizzes found
Score Distribution
Percent of People with Each Score
Percentile by Number Answered
Your Score History
You have not taken this quiz